El libro de los Jueces

Kaydedildi:
Detaylı Bibliyografya
Yazar: Abadie, Philippe (Yazar)
Materyal Türü: Kitap
Dil:İspanyolca
Baskı/Yayın Bilgisi: Pamplona Verbo Divino 2005
Seri Bilgileri:Cuadernos Bíblicos, 125
Konular:
Etiketler: Etiketle
Etiket eklenmemiş, İlk siz ekleyin!

MARC

LEADER 00000nam a2200000 a 4500
001 UCH8836
003 CL-VaPUC
008 091211e20050000SP |||||||||||||||||spa|d
020 |a 8481696684 
082 0 4 |a 222.32  |b ABA  |2 21 
100 0 |a Abadie, Philippe  |e author  |9 545573 
245 1 3 |a El libro de los Jueces 
300 |a 62 p 
942 |c BK 
945 |d 20091211 00:00:00  |a dcastane 
260 |a Pamplona  |b Verbo Divino  |c 2005 
650 0 |a Biblia  |9 257603 
650 0 |a Antiguo testamento   |9 313678 
650 0 |a Libros históricos   |9 479158 
650 7 |a LIBRO DE LOS JUECES  |2 CL-VaPUC  |9 545574 
583 |a last modification  |c 20130402 10:15:05  |k Rodrigo Vera 
490 0 |a Cuadernos Bíblicos, 125 
999 |c 338943  |d 338941 
952 |0 0  |1 0  |4 0  |6 222_320000000000000_ABA_2005  |7 0  |8 A  |9 432248  |a BIBTEO  |b BIBTEO  |d 2019-11-22  |i 4623339  |o 222.32 ABA 2005  |p 4623339  |r 2025-01-17  |w 2019-11-22  |y BK  |k ICR